[Event "Titled Tuesday intern op 28th Dec"]
[Site "Chess.com INT"]
[Date "2021.12.28"]
[Round "7"]
[White "Hasman, Cengiz"]
[Black "Quirke, Jeffrey"]
[Result "0-1"]
[WhiteElo "2101"]
[BlackElo "2086"]
[PlyCount "64"]
[EventDate "2021.12.28"]
[EventType "swiss (blitz)"]
[EventRounds "11"]
[EventCountry "USA"]
[SourceTitle "CBM 206 Extra"]
[Source "ChessBase"]
[SourceDate "2022.03.31"]
[SourceVersion "1"]
[SourceVersionDate "2022.03.31"]
[SourceQuality "1"]

1. d4 d5 2. c4 e6 3. Nc3 Nf6 4. cxd5 exd5 5. Bg5 c6 6. e3 h6 7. Bh4 Be6 8. Bd3 Nbd7 9. Nge2 g5 10. Bg3 Nh5 11. Qc2 Nxg3 12. Nxg3 h5 13. O-O h4 14. Nf5 Qf6 15. e4 Bxf5 16. exf5 O-O-O 17. Nxd5 Qxd4 18. Nc3 Nc5 19. Be2 Bd6 20. h3 Qe5 21. f4 Qe3+ 22. Kh1 Bxf4 23. f6 Qg3 24. Bg4+ Kb8 25. Rxf4 Qxf4 26. b4 Nd3 27. Ne2 Nf2+ 28. Kg1 Qe3 29. Kf1 Nxg4 30. hxg4 h3 31. g3 h2 32. Kg2 Rd2 0-1

[Event "Titled Tuesday intern op 28th Dec"]
[Site "Chess.com INT"]
[Date "2021.12.28"]
[Round "7"]
[White "Havanecz, Bianka"]
[Black "Grot, Blazej"]
[Result "1-0"]
[WhiteElo "2229"]
[BlackElo "1822"]
[PlyCount "51"]
[EventDate "2021.12.28"]
[EventType "swiss (blitz)"]
[EventRounds "11"]
[EventCountry "USA"]
[SourceTitle "CBM 206 Extra"]
[Source "ChessBase"]
[SourceDate "2022.03.31"]
[SourceVersion "1"]
[SourceVersionDate "2022.03.31"]
[SourceQuality "1"]

1. d4 Nf6 2. c4 e6 3. Nc3 Bb4 4. Qc2 b6 5. e4 Bxc3+ 6. bxc3 d6 7. Bd3 Nbd7 8. Nf3 e5 9. O-O Qe7 10. Bg5 O-O 11. Bh4 h6 12. Rfe1 Bb7 13. a4 a5 14. Rab1 Rae8 15. h3 Kh7 16. Bg3 Kg8 17. c5 dxc5 18. Nxe5 Nxe5 19. Bxe5 Nd7 20. Bxc7 cxd4 21. cxd4 Rc8 22. Rbc1 Nf6 23. d5 Rfe8 24. d6 Qe5 25. d7 Qxc7 26. dxe8=Q+ 1-0

[Event "Titled Tuesday intern op 28th Dec"]
[Site "Chess.com INT"]
[Date "2021.12.28"]
[Round "7"]
[White "Hjartarson, Johann"]
[Black "Ruiz Aguilar, Pablo Alexander"]
[Result "1/2-1/2"]
[WhiteElo "2470"]
[BlackElo "2171"]
[PlyCount "68"]
[EventDate "2021.12.28"]
[EventType "swiss (blitz)"]
[EventRounds "11"]
[EventCountry "USA"]
[SourceTitle "CBM 206 Extra"]
[Source "ChessBase"]
[SourceDate "2022.03.31"]
[SourceVersion "1"]
[SourceVersionDate "2022.03.31"]
[SourceQuality "1"]

1. Nf3 Nf6 2. g3 g6 3. b4 Bg7 4. Bb2 O-O 5. Bg2 a5 6. b5 b6 7. O-O Bb7 8. c4 d6 9. d3 Nbd7 10. Nbd2 Rb8 11. Qc2 e5 12. e3 Re8 13. h3 Nc5 14. e4 Ne6 15. Rfe1 Nd7 16. Nf1 Ndc5 17. Ne3 h6 18. Nd5 Nd4 19. Nxd4 exd4 20. f4 Ne6 21. Qf2 Nc5 22. Rad1 Bxd5 23. cxd5 Qd7 24. Bxd4 Qxb5 25. Bxg7 Kxg7 26. e5 Nxd3 27. Qd4 Nxe1 28. e6+ Kg8 29. Qf6 Qe2 30. Qxf7+ Kh8 31. Qf6+ Kh7 32. Qf7+ Kh8 33. Qf6+ Kh7 34. Qf7+ Kh8 1/2-1/2

[Event "Titled Tuesday intern op 28th Dec"]
[Site "Chess.com INT"]
[Date "2021.12.28"]
[Round "7"]
[White "Iljushina, Olga"]
[Black "Loy, Konstantin"]
[Result "0-1"]
[WhiteElo "2054"]
[BlackElo "2268"]
[PlyCount "126"]
[EventDate "2021.12.28"]
[EventType "swiss (blitz)"]
[EventRounds "11"]
[EventCountry "USA"]
[SourceTitle "CBM 206 Extra"]
[Source "ChessBase"]
[SourceDate "2022.03.31"]
[SourceVersion "1"]
[SourceVersionDate "2022.03.31"]
[SourceQuality "1"]

1. e4 c5 2. Nf3 d6 3. d4 cxd4 4. Nxd4 Nf6 5. Nc3 g6 6. Be3 Bg7 7. Be2 O-O 8. O-O Nc6 9. f4 Qa5 10. Nb3 Qd8 11. Qe1 Be6 12. f5 Bd7 13. Kh1 Rc8 14. Qh4 Ne5 15. Bh6 Bxh6 16. Qxh6 Rxc3 17. bxc3 Nxe4 18. Rf4 Nf6 19. Rh4 Bxf5 20. Nd4 Qd7 21. Rf1 Rc8 22. Nxf5 gxf5 23. Qg5+ Kh8 24. Qxf5 Qxf5 25. Rxf5 Rxc3 26. Bd1 Ra3 27. Rb4 b6 28. g4 Rxa2 29. g5 Nd5 30. Rb3 Ra1 31. Rf1 Nc4 32. Rd3 Nce3 33. Re1 Rxd1 34. Rdxd1 Nxd1 35. Rxd1 Ne3 36. Ra1 a5 37. Rb1 Nc4 38. Kg2 e6 39. Kf3 Kg7 40. h4 Kg6 41. Kg4 d5 42. h5+ Kg7 43. Kf4 a4 44. Rb4 a3 45. Ra4 h6 46. gxh6+ Kxh6 47. Ra7 f6 48. Re7 a2 49. Rxe6 a1=Q 50. Kf5 Qf1+ 51. Kg4 Qg2+ 52. Kf4 Qg5+ 53. Kf3 Kxh5 54. Rc6 Ne5+ 55. Ke2 Nxc6 56. Kd3 Qe5 57. Kd2 Qe4 58. c4 d4 59. Kd1 Qe3 60. Kc2 Qc3+ 61. Kd1 d3 62. c5 Qc2+ 63. Ke1 Qe2# 0-1

[Event "Titled Tuesday intern op 28th Dec"]
[Site "Chess.com INT"]
[Date "2021.12.28"]
[Round "7"]
[White "Ismayil, Malak"]
[Black "Broca Jimenez, Fernando"]
[Result "0-1"]
[WhiteElo "2058"]
[BlackElo "2075"]
[PlyCount "128"]
[EventDate "2021.12.28"]
[EventType "swiss (blitz)"]
[EventRounds "11"]
[EventCountry "USA"]
[SourceTitle "CBM 206 Extra"]
[Source "ChessBase"]
[SourceDate "2022.03.31"]
[SourceVersion "1"]
[SourceVersionDate "2022.03.31"]
[SourceQuality "1"]

1. e4 c5 2. Nf3 d6 3. d4 cxd4 4. Nxd4 Nf6 5. Nc3 g6 6. Bc4 Bg7 7. O-O O-O 8. Bg5 Nc6 9. Nxc6 bxc6 10. h3 Rb8 11. Bb3 Qa5 12. Qd2 Be6 13. Rfe1 Rfd8 14. Rad1 c5 15. Bxe6 fxe6 16. b3 c4 17. Qe3 cxb3 18. axb3 Rdc8 19. Ne2 Rxc2 20. Ra1 Qb6 21. Nd4 Ng4 22. Nxc2 Nxe3 23. Bxe3 Qxb3 24. Rac1 Rc8 25. Nd4 Rxc1 26. Nxb3 Rxe1+ 27. Kh2 Bc3 28. Bxa7 e5 29. Be3 Rb1 30. Nc1 Bd4 31. Ne2 Bxe3 32. fxe3 Re1 33. Nc3 Rxe3 34. Nd5 Rxe4 35. Nxe7+ Kf7 36. Nc8 Rd4 37. Kg3 Ke6 38. Na7 Rd3+ 39. Kf2 e4 40. Nc8 Rc3 41. Nb6 d5 42. Na4 Rc4 43. Nb6 Rb4 44. Nc8 Kd7 45. Na7 Rb7 46. Ke3 Rxa7 47. Kd4 Ra3 48. Kxd5 e3 49. Ke4 e2 50. Ke5 e1=Q+ 51. Kf6 Qb1 52. Kg7 Qb5 53. Kxh7 Kd6 54. Kxg6 Ra6 55. g4 Qd5 56. g5 Kc6 57. h4 Kc5+ 58. Kh5 Kd4 59. Kg4 Ke4 60. h5 Qf5+ 61. Kh4 Qf4+ 62. Kh3 Ra3+ 63. Kg2 Qd2+ 64. Kf1 Ra1# 0-1

[Event "Titled Tuesday intern op 28th Dec"]
[Site "Chess.com INT"]
[Date "2021.12.28"]
[Round "7"]
[White "Itkis, Boris"]
[Black "Altman, Joshua"]
[Result "1-0"]
[WhiteElo "2343"]
[BlackElo "2095"]
[PlyCount "121"]
[EventDate "2021.12.28"]
[EventType "swiss (blitz)"]
[EventRounds "11"]
[EventCountry "USA"]
[SourceTitle "CBM 206 Extra"]
[Source "ChessBase"]
[SourceDate "2022.03.31"]
[SourceVersion "1"]
[SourceVersionDate "2022.03.31"]
[SourceQuality "1"]

1. c4 e5 2. Nc3 Nc6 3. Nf3 Nf6 4. e4 Bc5 5. Nxe5 Nxe5 6. d4 Bd6 7. c5 O-O 8. cxd6 Ng6 9. h4 h5 10. e5 Re8 11. Be2 Ng4 12. Bxg4 hxg4 13. h5 Nf8 14. dxc7 Qxc7 15. h6 g6 16. h7+ Nxh7 17. Qxg4 Kg7 18. Bh6+ Kg8 19. Bd2 Kg7 20. Rxh7+ Kxh7 21. Nd5 Rxe5+ 22. dxe5 Qxe5+ 23. Ne3 d5 24. Qh4+ Kg8 25. Bc3 g5 26. Bxe5 gxh4 27. Nxd5 Be6 28. Nc7 Rc8 29. Nxe6 Re8 30. O-O-O Rxe6 31. Rd8+ Kh7 32. Rh8+ Kg6 33. Bc3 Re2 34. Bd4 Re1+ 35. Kd2 Rg1 36. Rxh4 Rxg2 37. Bxa7 Rg1 38. Rb4 Ra1 39. a3 Kf5 40. Rxb7 f6 41. Be3 Ra2 42. Rb5+ Ke6 43. Kc2 Ra1 44. b4 Rxa3 45. Rc5 Ra2+ 46. Kb3 Re2 47. b5 f5 48. b6 f4 49. Bxf4 Rxf2 50. b7 Rf1 51. Rc1 Rf3+ 52. Rc3 Rf1 53. Bc1 Rf8 54. Rc8 Rf3+ 55. Ka2 Kd7 56. b8=Q Ra3+ 57. Bxa3 Ke6 58. Qd6+ Kf7 59. Rf8+ Kg7 60. Qf6+ Kh7 61. Rh8# 1-0

[Event "Titled Tuesday intern op 28th Dec"]
[Site "Chess.com INT"]
[Date "2021.12.28"]
[Round "7"]
[White "Korchmar, Vasiliy"]
[Black "Nozdrachev, Leonid"]
[Result "1-0"]
[WhiteElo "2450"]
[BlackElo "2370"]
[PlyCount "35"]
[EventDate "2021.12.28"]
[EventType "swiss (blitz)"]
[EventRounds "11"]
[EventCountry "USA"]
[SourceTitle "CBM 206 Extra"]
[Source "ChessBase"]
[SourceDate "2022.03.31"]
[SourceVersion "1"]
[SourceVersionDate "2022.03.31"]
[SourceQuality "1"]

1. e4 c6 2. d4 d5 3. e5 Bf5 4. c4 e6 5. Nc3 Bb4 6. Nge2 Ne7 7. Ng3 Bg6 8. h4 h6 9. h5 Bh7 10. Qg4 Kf8 11. cxd5 cxd5 12. Be2 Nbc6 13. O-O Qb6 14. Be3 Bxc3 15. bxc3 Rc8 16. c4 Nf5 17. cxd5 Ncxd4 18. Nxf5 1-0

[Event "Titled Tuesday intern op 28th Dec"]
[Site "Chess.com INT"]
[Date "2021.12.28"]
[Round "7"]
[White "Kowalczyk, Pawel"]
[Black "Maly, Alexey"]
[Result "0-1"]
[WhiteElo "2338"]
[BlackElo "2368"]
[PlyCount "76"]
[EventDate "2021.12.28"]
[EventType "swiss (blitz)"]
[EventRounds "11"]
[EventCountry "USA"]
[SourceTitle "CBM 206 Extra"]
[Source "ChessBase"]
[SourceDate "2022.03.31"]
[SourceVersion "1"]
[SourceVersionDate "2022.03.31"]
[SourceQuality "1"]

1. e4 c6 2. d4 d5 3. f3 dxe4 4. fxe4 e5 5. Nf3 Bg4 6. dxe5 Qxd1+ 7. Kxd1 Nd7 8. Bf4 Ne7 9. Nbd2 Ng6 10. Bg3 Ngxe5 11. Be2 Bd6 12. c3 O-O-O 13. Kc2 Bxf3 14. gxf3 f6 15. Rad1 Rhe8 16. f4 Ng6 17. Rhf1 Nc5 18. Bg4+ Kc7 19. Bh5 Nxe4 20. Nc4 Nxg3 21. hxg3 Re4 22. Nxd6 Rxd6 23. Rxd6 Kxd6 24. Kd3 Re7 25. Bxg6 hxg6 26. Rh1 Ke6 27. Rh8 Kf5 28. Rh4 g5 29. fxg5 Kxg5 30. a4 f5 31. a5 a6 32. b4 Kf6 33. Rh8 g5 34. Kd4 f4 35. gxf4 gxf4 36. Rf8+ Kg5 37. Kc5 Kg4 38. Kd6 Rg7 0-1

[Event "Titled Tuesday intern op 28th Dec"]
[Site "Chess.com INT"]
[Date "2021.12.28"]
[Round "7"]
[White "Le, Tuan Minh"]
[Black "Krivonosov, Oleg"]
[Result "1-0"]
[WhiteElo "2514"]
[BlackElo "2362"]
[PlyCount "103"]
[EventDate "2021.12.28"]
[EventType "swiss (blitz)"]
[EventRounds "11"]
[EventCountry "USA"]
[SourceTitle "CBM 206 Extra"]
[Source "ChessBase"]
[SourceDate "2022.03.31"]
[SourceVersion "1"]
[SourceVersionDate "2022.03.31"]
[SourceQuality "1"]

1. d4 d5 2. Nf3 Nf6 3. Bf4 e6 4. e3 c5 5. c3 Nc6 6. Nbd2 Bd6 7. Bg3 O-O 8. Bb5 Ne7 9. Bd3 Qb6 10. Rb1 Bd7 11. Qe2 Bxg3 12. hxg3 Ng6 13. Ne5 Rad8 14. g4 Ne4 15. Nxd7 Rxd7 16. Nxe4 dxe4 17. Bxe4 Rfd8 18. O-O e5 19. dxc5 Qxc5 20. Rbd1 b6 21. Rxd7 Rxd7 22. Rd1 Rd6 23. Rd2 Kf8 24. Qd1 Rxd2 25. Qxd2 Ke7 26. Qd5 Qxd5 27. Bxd5 f6 28. Kf1 Kd6 29. Be4 Nf8 30. Ke2 h6 31. Bf5 g6 32. Be4 Ke6 33. Bc2 f5 34. Kf3 Nd7 35. gxf5+ gxf5 36. g3 Nf6 37. e4 fxe4+ 38. Bxe4 a5 39. a4 Kd6 40. Ke3 Kc5 41. f3 Nh5 42. g4 Nf6 43. Bd3 Kd5 44. b4 Kd6 45. Be4 Ke6 46. Kd3 Kd6 47. Kc4 axb4 48. cxb4 h5 49. gxh5 Nxh5 50. a5 bxa5 51. bxa5 Kc7 52. Kd5 1-0

[Event "Titled Tuesday intern op 28th Dec"]
[Site "Chess.com INT"]
[Date "2021.12.28"]
[Round "7"]
[White "Le Goff, Ronan"]
[Black "Fajdetic, Hrvoje"]
[Result "1-0"]
[WhiteElo "2280"]
[BlackElo "2151"]
[PlyCount "73"]
[EventDate "2021.12.28"]
[EventType "swiss (blitz)"]
[EventRounds "11"]
[EventCountry "USA"]
[SourceTitle "CBM 206 Extra"]
[Source "ChessBase"]
[SourceDate "2022.03.31"]
[SourceVersion "1"]
[SourceVersionDate "2022.03.31"]
[SourceQuality "1"]

1. d4 e6 2. Nf3 f5 3. g3 Nf6 4. Bg2 Be7 5. O-O O-O 6. c4 d6 7. Nc3 Ne4 8. Qc2 Nxc3 9. Qxc3 Bf6 10. b3 Nc6 11. Bb2 e5 12. dxe5 dxe5 13. Rad1 Qe8 14. Ba3 Rf7 15. Qc2 e4 16. Nd2 Nd4 17. Qb1 Nxe2+ 18. Kh1 Nc3 19. Qc2 Nxd1 20. Rxd1 Rd7 21. Re1 b6 22. Nf1 Bd4 23. Bb2 c5 24. Ne3 Qe5 25. Bc1 Bb7 26. h4 h6 27. Qe2 f4 28. Ng4 Qf5 29. Bxf4 Re8 30. Bxh6 Bc3 31. Rc1 Bb2 32. Ne3 Qe5 33. Bf4 Qf6 34. Rf1 Red8 35. Bg5 Qe6 36. Bxd8 Rxd8 37. Qxb2 1-0

[Event "Titled Tuesday intern op 28th Dec"]
[Site "Chess.com INT"]
[Date "2021.12.28"]
[Round "7"]
[White "Levitsky, Andrey"]
[Black "Ljukin, Sergei"]
[Result "0-1"]
[WhiteElo "2329"]
[BlackElo "2362"]
[PlyCount "56"]
[EventDate "2021.12.28"]
[EventType "swiss (blitz)"]
[EventRounds "11"]
[EventCountry "USA"]
[SourceTitle "CBM 206 Extra"]
[Source "ChessBase"]
[SourceDate "2022.03.31"]
[SourceVersion "1"]
[SourceVersionDate "2022.03.31"]
[SourceQuality "1"]

1. e4 e6 2. d4 d5 3. Bd3 dxe4 4. Bxe4 Nf6 5. Bf3 Nbd7 6. Ne2 Bd6 7. O-O e5 8. Bg5 h6 9. Bxf6 Qxf6 10. Nbc3 O-O 11. Ne4 Qe7 12. Nxd6 cxd6 13. dxe5 dxe5 14. Bd5 Nf6 15. Nc3 Rd8 16. Qd3 Be6 17. Rad1 Bxd5 18. Qe3 Bc6 19. Rfe1 e4 20. Rd4 Rxd4 21. Qxd4 a6 22. h3 Rd8 23. Qb6 Rd2 24. Qb3 Qc5 25. Nd1 Rxc2 26. Ne3 Rc1 27. Nd1 Qc2 28. Qg3 Rxd1 0-1

[Event "Titled Tuesday intern op 28th Dec"]
[Site "Chess.com INT"]
[Date "2021.12.28"]
[Round "7"]
[White "Lossi C, Cyrano Jose"]
[Black "Heinemann, Josefine"]
[Result "0-1"]
[WhiteElo "2042"]
[BlackElo "2369"]
[PlyCount "90"]
[EventDate "2021.12.28"]
[EventType "swiss (blitz)"]
[EventRounds "11"]
[EventCountry "USA"]
[SourceTitle "CBM 206 Extra"]
[Source "ChessBase"]
[SourceDate "2022.03.31"]
[SourceVersion "1"]
[SourceVersionDate "2022.03.31"]
[SourceQuality "1"]

1. e4 e5 2. Nf3 Nc6 3. Bc4 Bc5 4. c3 Nf6 5. d3 a6 6. O-O d6 7. h3 Ba7 8. Bb3 h6 9. Re1 O-O 10. Nbd2 Re8 11. Nc4 Be6 12. Ne3 d5 13. exd5 Nxd5 14. Nxd5 Bxd5 15. Qe2 Bxb3 16. axb3 Qd7 17. Be3 Bxe3 18. Qxe3 Rad8 19. Rad1 f5 20. Qc5 Qd6 21. Qxd6 cxd6 22. d4 e4 23. Nd2 d5 24. b4 f4 25. Nb3 Re7 26. Re2 g5 27. Rde1 h5 28. f3 e3 29. Kh2 Na7 30. Nc5 Nb5 31. Nd3 Nd6 32. Ne5 Nf7 33. Nxf7 Kxf7 34. Ra1 Rc8 35. Ra5 Ke6 36. Rc5 Rxc5 37. bxc5 b6 38. cxb6 Rb7 39. b4 Rxb6 40. Kg1 Rc6 41. Rc2 Kf5 42. Kf1 g4 43. Ke2 gxh3 44. gxh3 Rg6 45. Ra2 Rg2+ 0-1

[Event "Titled Tuesday intern op 28th Dec"]
[Site "Chess.com INT"]
[Date "2021.12.28"]
[Round "7"]
[White "Mayaud, Raphael"]
[Black "Duneas, John"]
[Result "0-1"]
[WhiteElo "2216"]
[BlackElo "2071"]
[PlyCount "44"]
[EventDate "2021.12.28"]
[EventType "swiss (blitz)"]
[EventRounds "11"]
[EventCountry "USA"]
[SourceTitle "CBM 206 Extra"]
[Source "ChessBase"]
[SourceDate "2022.03.31"]
[SourceVersion "1"]
[SourceVersionDate "2022.03.31"]
[SourceQuality "1"]

1. d4 e6 2. Nf3 f5 3. b3 d5 4. Bb2 Nf6 5. e3 Bd6 6. Bd3 O-O 7. Ne5 c5 8. f4 Nc6 9. Nd2 Ne4 10. O-O cxd4 11. exd4 Qb6 12. Ndf3 a5 13. a4 Nb4 14. Kh1 Nxd3 15. Qxd3 Qd8 16. c4 Bb4 17. c5 b6 18. Nc6 Qc7 19. Nxb4 axb4 20. cxb6 Qxb6 21. Rac1 Ba6 22. Qe2 Bxe2 0-1

[Event "Titled Tuesday intern op 28th Dec"]
[Site "Chess.com INT"]
[Date "2021.12.28"]
[Round "7"]
[White "Mestnikov, Aisen"]
[Black "Ingebretsen, Jens E"]
[Result "1-0"]
[WhiteElo "2096"]
[BlackElo "2309"]
[PlyCount "231"]
[EventDate "2021.12.28"]
[EventType "swiss (blitz)"]
[EventRounds "11"]
[EventCountry "USA"]
[SourceTitle "CBM 206 Extra"]
[Source "ChessBase"]
[SourceDate "2022.03.31"]
[SourceVersion "1"]
[SourceVersionDate "2022.03.31"]
[SourceQuality "1"]

1. d4 Nf6 2. c4 e6 3. Nf3 d5 4. g3 Be7 5. Bg2 O-O 6. O-O b6 7. Nc3 Bb7 8. Ne5 Nbd7 9. Qa4 Nxe5 10. dxe5 Nd7 11. cxd5 Nxe5 12. d6 cxd6 13. Bxb7 Rb8 14. Bg2 Qc7 15. Nb5 Qc5 16. Be3 Qc4 17. Qxc4 Nxc4 18. Nxa7 Nxe3 19. fxe3 Bg5 20. Kf2 d5 21. Nc6 Rbc8 22. Rfc1 g6 23. h4 Bf6 24. Rc2 Rc7 25. Rac1 Kg7 26. e4 dxe4 27. Bxe4 Ra8 28. Nb4 Rxc2 29. Rxc2 Ra4 30. a3 Bd4+ 31. e3 Bc5 32. Bc6 Ra7 33. Nd3 Bd6 34. e4 f5 35. e5 Be7 36. Rc3 Rc7 37. Bb5 Rxc3 38. bxc3 Bxa3 39. Nf4 Kf7 40. Bd7 Bb2 41. Bxe6+ Kg7 42. Ne2 h6 43. Kf3 Kf8 44. Bc4 Ke7 45. Nf4 g5 46. hxg5 hxg5 47. Nd5+ Ke6 48. Nb4+ Kd7 49. e6+ Kd6 50. Nd5 Kxe6 51. Nxb6+ Ke5 52. Na4 g4+ 53. Kf2 Ba3 54. Bd3 f4 55. gxf4+ Kxf4 56. c4 g3+ 57. Kg2 Ke3 58. Bf1 Kf4 59. Nb6 Bd6 60. Nc8 Bc7 61. Ne7 Ke5 62. Nd5 Bb8 63. Kxg3 Kd4+ 64. Kf3 Kc5 65. Ke4 Bh2 66. Kd3 Bg1 67. Nf6 Kc6 68. Bg2+ Kc7 69. Nd5+ Kd6 70. Ne3 Kc5 71. Nd1 Bd4 72. Nc3 Bg1 73. Na4+ Kb4 74. Bc6 Bf2 75. Bb5 Bg1 76. Ke4 Bf2 77. Kd5 Bg1 78. Kc6 Bf2 79. Nb6 Bg1 80. Nc8 Ka5 81. Ne7 Bf2 82. Nd5 Bg1 83. Nf6 Bf2 84. Ng4 Bg1 85. Kd5 Kb4 86. Nh6 Ka5 87. Nf5 Kb6 88. Nd4 Kc7 89. c5 Bh2 90. Ne6+ Kc8 91. c6 Kb8 92. Ba6 Ka7 93. Bb7 Kb6 94. Nd8 Kc7 95. Nf7 Bg3 96. Ng5 Bh2 97. Ke6 Bg3 98. Kd5 Bh2 99. Ne6+ Kb6 100. Nd4 Kc7 101. Ke6 Bg3 102. Nb5+ Kb6 103. Nc3 Kc7 104. Nd5+ Kb8 105. Kd7 Bh2 106. Ne3 Bg3 107. Nc4 Bh2 108. Nd6 Ka7 109. c7 Bxd6 110. Kxd6 Kxb7 111. Kd7 Ka7 112. c8=Q Kb6 113. Qc4 Ka7 114. Qb4 Ka8 115. Kc7 Ka7 116. Qa5# 1-0

[Event "Titled Tuesday intern op 28th Dec"]
[Site "Chess.com INT"]
[Date "2021.12.28"]
[Round "7"]
[White "Moskalenko, Alexander"]
[Black "Postnikov, Daniil"]
[Result "1-0"]
[WhiteElo "2514"]
[BlackElo "2360"]
[PlyCount "105"]
[EventDate "2021.12.28"]
[EventType "swiss (blitz)"]
[EventRounds "11"]
[EventCountry "USA"]
[SourceTitle "CBM 206 Extra"]
[Source "ChessBase"]
[SourceDate "2022.03.31"]
[SourceVersion "1"]
[SourceVersionDate "2022.03.31"]
[SourceQuality "1"]

1. Nc3 c5 2. e4 Nc6 3. Bb5 Nd4 4. Bc4 e6 5. Nf3 Nxf3+ 6. Qxf3 a6 7. a4 Ne7 8. O-O Ng6 9. Qg3 Be7 10. f4 Qc7 11. d3 Bf6 12. e5 Bh4 13. Qf3 Be7 14. a5 d5 15. exd6 Bxd6 16. Ne4 Be7 17. Qh5 Bd7 18. Be3 f5 19. Ng5 Bxg5 20. Qxg5 O-O 21. Bd2 Rae8 22. h4 Qd8 23. Qxd8 Rxd8 24. h5 Ne7 25. Bc3 Nd5 26. Rae1 Nxc3 27. bxc3 Kf7 28. Re5 Kf6 29. Rxc5 Bc6 30. Re1 Rd6 31. Rce5 Re8 32. Kf2 Re7 33. g3 g6 34. h6 Re8 35. Bb3 Re7 36. c4 Rd4 37. Ke3 Rd8 38. c5 Bd5 39. Bxd5 Rxd5 40. d4 Rxe5+ 41. dxe5+ Kf7 42. Rb1 Rc7 43. Kd4 Ke7 44. Rb6 Kd7 45. Rd6+ Ke7 46. c6 bxc6 47. Kc5 Rb7 48. Kxc6 Rb2 49. Rd7+ Ke8 50. c4 Rc2 51. c5 Rxc5+ 52. Kxc5 Kxd7 53. Kb6 1-0

[Event "Titled Tuesday intern op 28th Dec"]
[Site "Chess.com INT"]
[Date "2021.12.28"]
[Round "7"]
[White "Muromtsev, Arthur"]
[Black "Dias, Joao Batista de Sou"]
[Result "1-0"]
[WhiteElo "2129"]
[BlackElo "1838"]
[PlyCount "57"]
[EventDate "2021.12.28"]
[EventType "swiss (blitz)"]
[EventRounds "11"]
[EventCountry "USA"]
[SourceTitle "CBM 206 Extra"]
[Source "ChessBase"]
[SourceDate "2022.03.31"]
[SourceVersion "1"]
[SourceVersionDate "2022.03.31"]
[SourceQuality "1"]

1. e4 e5 2. Nc3 d6 3. Nf3 Nf6 4. d4 exd4 5. Nxd4 Be7 6. Bf4 O-O 7. Qd2 Nc6 8. O-O-O Nxd4 9. Qxd4 Be6 10. f3 a6 11. g4 b5 12. g5 Nd7 13. h4 f5 14. Bh3 b4 15. Nd5 Bxd5 16. Qxd5+ Kh8 17. exf5 Nb6 18. Qd3 c5 19. h5 c4 20. Qd4 c3 21. h6 cxb2+ 22. Kb1 Rg8 23. hxg7+ Rxg7 24. f6 Bxf6 25. gxf6 Rf7 26. Bf5 Na4 27. Rxh7+ Rxh7 28. f7+ Rg7 29. Rh1+ 1-0

[Event "Titled Tuesday intern op 28th Dec"]
[Site "Chess.com INT"]
[Date "2021.12.28"]
[Round "7"]
[White "Nagy, Gabor"]
[Black "Taboas Rodriguez, Daniel"]
[Result "0-1"]
[WhiteElo "2527"]
[BlackElo "2367"]
[PlyCount "92"]
[EventDate "2021.12.28"]
[EventType "swiss (blitz)"]
[EventRounds "11"]
[EventCountry "USA"]
[SourceTitle "CBM 206 Extra"]
[Source "ChessBase"]
[SourceDate "2022.03.31"]
[SourceVersion "1"]
[SourceVersionDate "2022.03.31"]
[SourceQuality "1"]

1. e4 e6 2. d4 d5 3. Bd3 c5 4. exd5 exd5 5. Nf3 Nc6 6. O-O cxd4 7. Re1+ Be7 8. Bb5 Nf6 9. Nxd4 Bd7 10. Nc3 O-O 11. Bg5 h6 12. Bh4 Re8 13. h3 a6 14. Bxc6 bxc6 15. Nb3 Bf5 16. Nd4 Bd7 17. Qf3 c5 18. Nf5 Bxf5 19. Qxf5 d4 20. Bxf6 Bxf6 21. Nd5 Qd6 22. Nxf6+ gxf6 23. Qg4+ Kh7 24. Re4 Re5 25. Rf4 Rae8 26. Qf3 Kg7 27. Rf1 c4 28. h4 d3 29. Rg4+ Kh7 30. Rxc4 d2 31. g3 Re1 32. Rc6 Rxf1+ 33. Kg2 d1=Q 34. Qf5+ Kg7 35. Rxd6 Rg1+ 36. Kh2 Rh1+ 37. Kg2 Qxd6 38. Qg4+ Kh7 39. Kxh1 Qe6 40. Qf4 Qe4+ 41. Qxe4+ Rxe4 42. Kg2 Re2 43. c4 Rxb2 44. c5 Rxa2 45. c6 Rc2 46. c7 Rxc7 0-1

[Event "Titled Tuesday intern op 28th Dec"]
[Site "Chess.com INT"]
[Date "2021.12.28"]
[Round "7"]
[White "Nasyrova, Ekaterina"]
[Black "Nazaretyan, Tigran"]
[Result "0-1"]
[WhiteElo "2109"]
[BlackElo "2316"]
[PlyCount "66"]
[EventDate "2021.12.28"]
[EventType "swiss (blitz)"]
[EventRounds "11"]
[EventCountry "USA"]
[SourceTitle "CBM 206 Extra"]
[Source "ChessBase"]
[SourceDate "2022.03.31"]
[SourceVersion "1"]
[SourceVersionDate "2022.03.31"]
[SourceQuality "1"]

1. d4 Nf6 2. c4 c5 3. d5 e6 4. Nc3 exd5 5. cxd5 d6 6. e4 g6 7. f4 Bg7 8. Bb5+ Nfd7 9. Nf3 O-O 10. O-O Na6 11. Re1 Nc7 12. Bf1 Re8 13. a4 b6 14. Bd2 a6 15. Qc2 Rb8 16. Rab1 b5 17. axb5 Nxb5 18. Nxb5 axb5 19. b4 c4 20. Be3 Nf6 21. Bd4 Bg4 22. Ra1 Bxf3 23. gxf3 Nh5 24. Bxg7 Kxg7 25. Qc3+ Kg8 26. f5 Qg5+ 27. Kh1 Qh4 28. Bg2 Nf4 29. Ra2 Ra8 30. Rxa8 Rxa8 31. fxg6 hxg6 32. Ra1 Rxa1+ 33. Qxa1 Qf2 0-1

[Event "Titled Tuesday intern op 28th Dec"]
[Site "Chess.com INT"]
[Date "2021.12.28"]
[Round "7"]
[White "Nilsen, Tobias Lang"]
[Black "Harshavardhan, GB."]
[Result "0-1"]
[WhiteElo "2279"]
[BlackElo "2397"]
[PlyCount "156"]
[EventDate "2021.12.28"]
[EventType "swiss (blitz)"]
[EventRounds "11"]
[EventCountry "USA"]
[SourceTitle "CBM 206 Extra"]
[Source "ChessBase"]
[SourceDate "2022.03.31"]
[SourceVersion "1"]
[SourceVersionDate "2022.03.31"]
[SourceQuality "1"]

1. e4 e5 2. Nf3 Nc6 3. Bb5 a6 4. Ba4 d6 5. c3 Nf6 6. d4 Bd7 7. O-O Be7 8. Re1 O-O 9. h3 h6 10. Nbd2 Qe8 11. Bc2 Rd8 12. Nf1 Nh7 13. Ng3 Bf6 14. d5 Nb8 15. c4 c5 16. Nh2 b5 17. b3 Bg5 18. Ng4 Bxc1 19. Rxc1 Qe7 20. Nf5 Bxf5 21. exf5 Nf6 22. Bd3 b4 23. f4 Nbd7 24. fxe5 Nxe5 25. Nxe5 dxe5 26. Be4 Rfe8 27. Qf3 Nh7 28. Rf1 Qg5 29. Rce1 Nf6 30. Qf2 Rc8 31. h4 Qg4 32. Bf3 Qxf5 33. g4 Qf4 34. Qg2 Qd4+ 35. Kh1 e4 36. Be2 e3 37. Rf5 Ne4 38. g5 Nf2+ 39. Kh2 Qxh4+ 40. Kg1 hxg5 41. Rf3 g4 42. Rg3 Nh3+ 43. Kf1 Nf4 44. Qg1 f5 45. Bd1 e2+ 46. Bxe2 Nxe2 47. Rxe2 Rxe2 48. Kxe2 Re8+ 49. Kd2 Qg5+ 50. Kc2 Qf4 51. Kb1 Qe4+ 52. Ka1 Qe1+ 53. Qxe1 Rxe1+ 54. Kb2 Rd1 55. Kc2 Rd4 56. Rg1 Kf7 57. a3 bxa3 58. Kc3 a5 59. Ra1 g3 60. Rf1 f4 61. b4 axb4+ 62. Kb3 g5 63. d6 g2 64. Rg1 f3 65. d7 Rxd7 66. Re1 f2 67. Re5 g1=Q 68. Ka4 Qd1+ 69. Kb5 Rb7+ 70. Ka6 Qd6+ 71. Ka5 Ra7+ 72. Kb5 Qxe5 73. Kc6 Qe6+ 74. Kb5 Qa6+ 75. Kxc5 b3 76. Kd5 Rd7+ 77. Ke5 Qxc4 78. Kf5 Rd5# 0-1